| 000 | 01207cam a22003375a 4500 | ||
|---|---|---|---|
| 001 | 13142782 | ||
| 005 | 20150823105721.0 | ||
| 006 | a||||fr||z|z00| 0 | ||
| 008 | 030331t2007 njua frf 001 0 eng d | ||
| 010 | _a 2003049750 | ||
| 020 | _a9780136132479 (pbk.) | ||
| 020 | _a0136132472 (pbk.) | ||
| 020 | _a0136154905 (CD- Rom) | ||
| 020 | _a0131346474(CD- Rom) | ||
| 040 |
_aDLC _beng _cDLC _dDLC _dEG-ScBUE |
||
| 082 | 0 | 4 |
_a005.133 _bDEI _222 |
| 100 | 1 |
_aDeitel, Paul J. _94271 |
|
| 245 | 1 | 0 |
_aJava how to program / _cP. J. Deitel, H. M. Deitel. |
| 250 | _a7th ed., Pearson International ed. | ||
| 260 |
_aUpper Saddle River : _bPearson/Prentice Hall, _cc.2007. |
||
| 300 |
_axliv, 1579 p. : _bill. ; _c24 cm. + _e2 CD-ROM (4 3/4 in.) |
||
| 500 | _aIndex : p. 1537-1579. | ||
| 504 | _aIncludes bibliographical references. | ||
| 590 | _ayassmeen ashraf | ||
| 650 | 0 |
_aJava (Computer program language) _vHandbooks, manuals, etc. _94272 _2BUEsh |
|
| 651 | _2BUEsh | ||
| 653 |
_bCOMSCI _cAugust2015 |
||
| 700 | 1 |
_aDeitel, Harvey M., _d1945- _94273 |
|
| 942 |
_2ddc _cBB |
||
| 999 |
_c11428 _d11428 |
||